000 00469nam a2200193Ia 4500
003 OSt
005 20221005123024.0
006 a|||||r|||| 00| 0
007 ta
008 221004b |||||||| |||| 00| 0 eng d
024 _a112617
037 _cTextual
040 _aCRL
_cCRL
_beng
041 _2eng
_aeng
100 _aSingh Vijaypal Singh
_9633015
245 0 _aKeshav Ka Acharyatav
942 _cTEXL
_2cc
999 _c1046161
_d1046161